| 000 | 01053cam a2200337 4500 | ||
|---|---|---|---|
| 999 |
_c23120 _d23120 |
||
| 001 | vtls011760582 | ||
| 005 | 20220131100749.0 | ||
| 008 | 210624s2018 xr er 000 fdslo | ||
| 020 |
_a9788075840615 _q(viazané) |
||
| 035 | _a294B4BB1-5285-4B8E-9F2B-FF82C310CBD5 | ||
| 035 | _aurn:nbn:sk:snk-am3ieup | ||
| 035 | _aurn:nbn:sk:snk-am00e7bx | ||
| 040 |
_aTTKJF _bslo _cTTKJF _dSNK _erda |
||
| 041 | 0 | _aslo | |
| 044 |
_axr _cCZ |
||
| 072 | 7 |
_a821.162.4-3 _xSlovenská próza _2konspekt |
|
| 080 |
_a821.162.4-31 _22011 |
||
| 100 | 1 |
_aĎuranová, Mária, _d1967- _4aut _92407 |
|
| 245 | 1 | 0 |
_aRebrík do kurína _cMária Ďuranová |
| 250 | _aPrvé vydanie | ||
| 264 | 1 |
_aPraha _bBrána _c2018 |
|
| 300 |
_a196 strán _c19 cm |
||
| 336 |
_atext _btxt _2rdacontent |
||
| 337 |
_abez média _bn _2rdamedia |
||
| 338 |
_azväzok _bnc _2rdacarrier |
||
| 500 | _aObsahuje biografické údaje o autorke na prebale publikácie | ||
| 655 | 7 |
_aslovenské romány _2SNKPH _91694 |
|
| 655 | 7 |
_aSlovak fiction _2SNKPHeng _91695 |
|
| 958 | _aZS | ||
| 958 | _aLX | ||